<?xml version="1.0" encoding="UTF-8"?>
<record
    xmlns:xsi="http://www.w3.org/2001/XMLSchema-instance"
    xsi:schemaLocation="http://www.loc.gov/MARC21/slim http://www.loc.gov/standards/marcxml/schema/MARC21slim.xsd"
    xmlns="http://www.loc.gov/MARC21/slim">

  <leader>00399nam a22001337a 4500</leader>
  <controlfield tag="003">a</controlfield>
  <controlfield tag="005">20250325131706.0</controlfield>
  <controlfield tag="008">250325b        xxu||||| |||| 00| 0 eng d</controlfield>
  <datafield tag="082" ind1=" " ind2=" ">
    <subfield code="a">Fil Kin51 2014</subfield>
  </datafield>
  <datafield tag="245" ind1=" " ind2=" ">
    <subfield code="a">Little life lessons on sharing=</subfield>
    <subfield code="b">Mumunting aral sa buhay tungkol sa pagbabahagi</subfield>
  </datafield>
  <datafield tag="260" ind1=" " ind2=" ">
    <subfield code="a">Quezon City:</subfield>
    <subfield code="b">Lampara PublishingHouse, Inc;</subfield>
    <subfield code="c">2021</subfield>
  </datafield>
  <datafield tag="300" ind1=" " ind2=" ">
    <subfield code="a">31 pp</subfield>
    <subfield code="c">20 cm</subfield>
  </datafield>
  <datafield tag="942" ind1=" " ind2=" ">
    <subfield code="2">ddc</subfield>
    <subfield code="c">BK</subfield>
  </datafield>
  <datafield tag="999" ind1=" " ind2=" ">
    <subfield code="c">367339</subfield>
    <subfield code="d">367339</subfield>
  </datafield>
  <datafield tag="952" ind1=" " ind2=" ">
    <subfield code="0">0</subfield>
    <subfield code="1">0</subfield>
    <subfield code="2">ddc</subfield>
    <subfield code="4">0</subfield>
    <subfield code="a">EL</subfield>
    <subfield code="b">EL</subfield>
    <subfield code="c">FIL</subfield>
    <subfield code="d">2025-03-25</subfield>
    <subfield code="e">Library Fund</subfield>
    <subfield code="k">FIL</subfield>
    <subfield code="l">0</subfield>
    <subfield code="o">Fil Kin51 2021</subfield>
    <subfield code="p">E12550</subfield>
    <subfield code="r">2025-03-25 00:00:00</subfield>
    <subfield code="w">2025-03-25</subfield>
    <subfield code="y">BK</subfield>
  </datafield>
  <datafield tag="952" ind1=" " ind2=" ">
    <subfield code="0">0</subfield>
    <subfield code="1">0</subfield>
    <subfield code="2">ddc</subfield>
    <subfield code="4">0</subfield>
    <subfield code="a">EL</subfield>
    <subfield code="b">EL</subfield>
    <subfield code="c">FIL</subfield>
    <subfield code="d">2025-03-25</subfield>
    <subfield code="e">Library Fund</subfield>
    <subfield code="k">FIL</subfield>
    <subfield code="l">0</subfield>
    <subfield code="o">Fil Tha367 2022</subfield>
    <subfield code="p">E12542</subfield>
    <subfield code="r">2025-03-25 00:00:00</subfield>
    <subfield code="w">2025-03-25</subfield>
    <subfield code="y">BK</subfield>
  </datafield>
  <datafield tag="952" ind1=" " ind2=" ">
    <subfield code="0">0</subfield>
    <subfield code="1">0</subfield>
    <subfield code="2">ddc</subfield>
    <subfield code="4">0</subfield>
    <subfield code="a">EL</subfield>
    <subfield code="b">EL</subfield>
    <subfield code="c">FIL</subfield>
    <subfield code="d">2025-03-25</subfield>
    <subfield code="e">Library Fund</subfield>
    <subfield code="k">FIL</subfield>
    <subfield code="l">0</subfield>
    <subfield code="o">Fil Cou858 2022</subfield>
    <subfield code="p">E12543</subfield>
    <subfield code="r">2025-03-25 00:00:00</subfield>
    <subfield code="w">2025-03-25</subfield>
    <subfield code="y">BK</subfield>
  </datafield>
  <datafield tag="952" ind1=" " ind2=" ">
    <subfield code="0">0</subfield>
    <subfield code="1">0</subfield>
    <subfield code="2">ddc</subfield>
    <subfield code="4">0</subfield>
    <subfield code="a">EL</subfield>
    <subfield code="b">EL</subfield>
    <subfield code="c">FIL</subfield>
    <subfield code="d">2025-03-25</subfield>
    <subfield code="e">Library Fund</subfield>
    <subfield code="k">FIL</subfield>
    <subfield code="l">0</subfield>
    <subfield code="o">Fil Obe12 2022</subfield>
    <subfield code="p">E12520</subfield>
    <subfield code="r">2025-03-25 00:00:00</subfield>
    <subfield code="w">2025-03-25</subfield>
    <subfield code="y">BK</subfield>
  </datafield>
  <datafield tag="952" ind1=" " ind2=" ">
    <subfield code="0">0</subfield>
    <subfield code="1">0</subfield>
    <subfield code="2">ddc</subfield>
    <subfield code="4">0</subfield>
    <subfield code="a">EL</subfield>
    <subfield code="b">EL</subfield>
    <subfield code="c">FIL</subfield>
    <subfield code="d">2025-03-25</subfield>
    <subfield code="e">Library Fund</subfield>
    <subfield code="k">FIL</subfield>
    <subfield code="l">0</subfield>
    <subfield code="o">Fil Res49 2021</subfield>
    <subfield code="p">E12517</subfield>
    <subfield code="r">2025-03-25 00:00:00</subfield>
    <subfield code="w">2025-03-25</subfield>
    <subfield code="y">BK</subfield>
  </datafield>
  <datafield tag="952" ind1=" " ind2=" ">
    <subfield code="0">0</subfield>
    <subfield code="1">0</subfield>
    <subfield code="2">ddc</subfield>
    <subfield code="4">0</subfield>
    <subfield code="a">EL</subfield>
    <subfield code="b">EL</subfield>
    <subfield code="c">FIL</subfield>
    <subfield code="d">2025-03-25</subfield>
    <subfield code="e">Library Fund</subfield>
    <subfield code="k">FIL</subfield>
    <subfield code="l">0</subfield>
    <subfield code="o">Fil Ang511 2022</subfield>
    <subfield code="p">E12505</subfield>
    <subfield code="r">2025-03-25 00:00:00</subfield>
    <subfield code="w">2025-03-25</subfield>
    <subfield code="y">BK</subfield>
  </datafield>
  <datafield tag="952" ind1=" " ind2=" ">
    <subfield code="0">0</subfield>
    <subfield code="1">0</subfield>
    <subfield code="2">ddc</subfield>
    <subfield code="4">0</subfield>
    <subfield code="a">EL</subfield>
    <subfield code="b">EL</subfield>
    <subfield code="c">FIL</subfield>
    <subfield code="d">2025-03-25</subfield>
    <subfield code="e">Library Fund</subfield>
    <subfield code="k">FIL</subfield>
    <subfield code="l">0</subfield>
    <subfield code="o">Fil Lov911 2021</subfield>
    <subfield code="p">E12519</subfield>
    <subfield code="r">2025-03-25 00:00:00</subfield>
    <subfield code="w">2025-03-25</subfield>
    <subfield code="y">BK</subfield>
  </datafield>
  <datafield tag="952" ind1=" " ind2=" ">
    <subfield code="0">0</subfield>
    <subfield code="1">0</subfield>
    <subfield code="2">ddc</subfield>
    <subfield code="4">0</subfield>
    <subfield code="a">EL</subfield>
    <subfield code="b">EL</subfield>
    <subfield code="c">FIL</subfield>
    <subfield code="d">2025-03-25</subfield>
    <subfield code="e">Library Fund</subfield>
    <subfield code="k">FIL</subfield>
    <subfield code="l">0</subfield>
    <subfield code="o">Fil Sha531 2022</subfield>
    <subfield code="p">E12524</subfield>
    <subfield code="r">2025-03-25 00:00:00</subfield>
    <subfield code="w">2025-03-25</subfield>
    <subfield code="y">BK</subfield>
  </datafield>
  <datafield tag="952" ind1=" " ind2=" ">
    <subfield code="0">0</subfield>
    <subfield code="1">0</subfield>
    <subfield code="2">ddc</subfield>
    <subfield code="4">0</subfield>
    <subfield code="a">EL</subfield>
    <subfield code="b">EL</subfield>
    <subfield code="c">FIL</subfield>
    <subfield code="d">2025-03-25</subfield>
    <subfield code="e">Library Fund</subfield>
    <subfield code="k">FIL</subfield>
    <subfield code="l">0</subfield>
    <subfield code="o">Fil  Cou858 2021</subfield>
    <subfield code="p">E12518</subfield>
    <subfield code="r">2025-03-25 00:00:00</subfield>
    <subfield code="w">2025-03-25</subfield>
    <subfield code="y">BK</subfield>
  </datafield>
</record>
